Biblia y palabra de Dios
Guardat en:
| Autors principals: | , |
|---|---|
| Format: | Llibre |
| Idioma: | espanyol |
| Publicat: |
Pamplona
Verbo Divino
1989
|
| Col·lecció: | Introducción al Estudio de la Biblia, 2
|
| Matèries: | |
| Etiquetes: |
Afegir etiqueta
Sense etiquetes, Sigues el primer a etiquetar aquest registre!
|
MARC
| LEADER | 00000nam a2200000 a 4500 | ||
|---|---|---|---|
| 001 | UCX4560 | ||
| 003 | CL-VaPUC | ||
| 008 | 920612e19890000SP |||||||||||||||||spa|d | ||
| 020 | |a 847151608X | ||
| 082 | 0 | 4 | |a 220.61 |b ART |2 21 |
| 100 | 0 | |a Artola, Antonio M |e author |9 320751 | |
| 700 | 0 | |a Sánchez Caro, José M |e author |9 320752 | |
| 245 | 1 | 0 | |a Biblia y palabra de Dios |
| 300 | |a 450 p | ||
| 942 | |c BK | ||
| 945 | |d 19920612 00:00:00 | ||
| 260 | |a Pamplona |b Verbo Divino |c 1989 | ||
| 650 | 0 | |a Biblia |9 257603 | |
| 650 | 7 | |a INTRODUCCION |2 CL-VaPUC |9 320753 | |
| 583 | |a last modification |c 20120709 10:49:32 |k Rodrigo Vera | ||
| 490 | 0 | |a Introducción al Estudio de la Biblia, 2 | |
| 999 | |c 224994 |d 224992 | ||
| 952 | |0 0 |1 0 |4 0 |6 220_610000000000000_ART_1989 |7 0 |8 F |9 222132 |a BIBTEO |b BIBTEO |d 2019-11-15 |i 2909766 |o 220.61 ART 1989 |p 2909766 |r 2025-01-17 |w 2019-11-15 |y BK_F |k ICR | ||
| 952 | |0 0 |1 0 |4 0 |6 220_610000000000000_ART_1989 |7 0 |8 F |9 222133 |a BIBTEO |b BIBTEO |d 2019-11-15 |i 3342212 |l 1 |o 220.61 ART 1989 |p 3342212 |r 2025-01-17 |s 2023-04-27 |w 2019-11-15 |y BK_F |k ICR | ||
| 952 | |0 0 |1 0 |4 0 |6 220_610000000000000_ART_1989 |7 0 |8 F |9 222134 |a BIBTEO |b BIBTEO |d 2019-11-15 |i 3342204 |l 2 |o 220.61 ART 1989 |p 3342204 |r 2025-01-17 |s 2023-05-19 |w 2019-11-15 |y BK_F |k ICR | ||